000 00565nam a2200205Ia 4500
003 GCL
008 140319s9999 xx 000 0 ara d
040 _aGCL /
_cGCL
082 0 4 _a813.03
_bا س
100 1 _aعفيفة دمشقية
245 1 0 _aسمرقند /
_cعفيفة دمشقية
700 1 _aامين معلوف
260 _a[S.N] :
_bدار الفارابى ،
_c1991
300 _a3360
490 _a
650 0 4 _aالادب العربى
650 0 4 _aالقصص العربية
650 0 4 _aالقصص التاريخية
942 _2ddc
_cBK
999 _c55731
_d55731